<?xml version="1.0" encoding="UTF-8"?>
<record
    xmlns:xsi="http://www.w3.org/2001/XMLSchema-instance"
    xsi:schemaLocation="http://www.loc.gov/MARC21/slim http://www.loc.gov/standards/marcxml/schema/MARC21slim.xsd"
    xmlns="http://www.loc.gov/MARC21/slim">

  <leader>01276nam a22002657a 4500</leader>
  <controlfield tag="005">20170124103209.0</controlfield>
  <datafield tag="010" ind1=" " ind2=" ">
    <subfield code="a">A-330708</subfield>
  </datafield>
  <datafield tag="020" ind1=" " ind2=" ">
    <subfield code="c">90.00</subfield>
  </datafield>
  <datafield tag="035" ind1=" " ind2=" ">
    <subfield code="a">A-330708</subfield>
  </datafield>
  <datafield tag="037" ind1=" " ind2=" ">
    <subfield code="b">Cen Lib/Ret</subfield>
  </datafield>
  <datafield tag="040" ind1=" " ind2=" ">
    <subfield code="a">DPL</subfield>
    <subfield code="b">HN</subfield>
  </datafield>
  <datafield tag="082" ind1=" " ind2=" ">
    <subfield code="a">423</subfield>
    <subfield code="b">&#x92C;&#x93E;&#x939;&#x930;&#x940; </subfield>
  </datafield>
  <datafield tag="100" ind1=" " ind2=" ">
    <subfield code="a">&#x92C;&#x93E;&#x939;&#x930;&#x940;, &#x939;&#x930;&#x926;&#x947;&#x935; </subfield>
    <subfield code="9">95629</subfield>
  </datafield>
  <datafield tag="245" ind1=" " ind2=" ">
    <subfield code="a">&#x92E;&#x941;&#x939;&#x93E;&#x935;&#x930;&#x93E; &#x90F;&#x935;&#x902; &#x932;&#x94B;&#x915;&#x94B;&#x915;&#x94D;&#x924;&#x93F; &#x915;&#x94B;&#x936; :</subfield>
    <subfield code="c">&#x939;&#x930;&#x926;&#x947;&#x935; &#x92C;&#x93E;&#x939;&#x930;&#x940; [&#x914;&#x930;] &#x936;&#x94D;&#x92F;&#x93E;&#x92E;&#x932;&#x93E; &#x915;&#x93E;&#x928;&#x94D;&#x924; &#x935;&#x930;&#x94D;&#x92E;&#x93E; </subfield>
    <subfield code="b">&#x938;&#x902;&#x917;&#x94D;&#x930;&#x939;,&#x905;&#x930;&#x94D;&#x925; &#x924;&#x925;&#x93E; &#x92A;&#x94D;&#x930;&#x92F;&#x94B;&#x917; /</subfield>
  </datafield>
  <datafield tag="246" ind1=" " ind2=" ">
    <subfield code="a">Muhavra ewam lokoti kosh : sangreh,arth tatha prayog /</subfield>
    <subfield code="b">by Hardev Bahri [aur] Shyamla Kant Verma </subfield>
  </datafield>
  <datafield tag="260" ind1=" " ind2=" ">
    <subfield code="a">&#x928;&#x92F;&#x940; &#x926;&#x93F;&#x932;&#x94D;&#x932;&#x940; </subfield>
    <subfield code="b">&#x935;&#x93F;&#x926;&#x94D;&#x92F;&#x93E; &#x92A;&#x94D;&#x930;&#x915;&#x93E;&#x936;&#x928; &#x92E;&#x902;&#x926;&#x93F;&#x930; </subfield>
    <subfield code="c">1987</subfield>
  </datafield>
  <datafield tag="270" ind1=" " ind2=" ">
    <subfield code="b">&#x928;&#x92F;&#x940; &#x926;&#x93F;&#x932;&#x94D;&#x932;&#x940; </subfield>
    <subfield code="a">1681, &#x926;&#x930;&#x93F;&#x92F;&#x93E;&#x917;&#x902;&#x91C; </subfield>
    <subfield code="e">110002</subfield>
  </datafield>
  <datafield tag="300" ind1=" " ind2=" ">
    <subfield code="a">288&#x92A;&#x943;. </subfield>
    <subfield code="c">20&#x938;&#x947;&#x92E;&#x940;(&#x938;&#x91C;&#x93F;&#x932;&#x94D;&#x926;)</subfield>
  </datafield>
  <datafield tag="650" ind1=" " ind2=" ">
    <subfield code="a">&#x939;&#x93F;&#x928;&#x94D;&#x926;&#x940; -- &#x92D;&#x93E;&#x937;&#x93E; </subfield>
    <subfield code="9">95630</subfield>
  </datafield>
  <datafield tag="650" ind1=" " ind2=" ">
    <subfield code="a">&#x939;&#x93F;&#x928;&#x94D;&#x926;&#x940; -- &#x92E;&#x941;&#x939;&#x93E;&#x935;&#x930;&#x947; </subfield>
    <subfield code="9">95631</subfield>
  </datafield>
  <datafield tag="650" ind1=" " ind2=" ">
    <subfield code="a">Hindi Language</subfield>
    <subfield code="9">9446</subfield>
  </datafield>
  <datafield tag="650" ind1=" " ind2=" ">
    <subfield code="a">Hindi - Idioms</subfield>
    <subfield code="9">45389</subfield>
  </datafield>
  <datafield tag="700" ind1=" " ind2=" ">
    <subfield code="a">&#x935;&#x930;&#x94D;&#x92E;&#x93E;, &#x936;&#x94D;&#x92F;&#x93E;&#x92E;&#x932;&#x93E; &#x915;&#x93E;&#x928;&#x94D;&#x924; </subfield>
    <subfield code="9">43672</subfield>
  </datafield>
  <datafield tag="942" ind1=" " ind2=" ">
    <subfield code="2">ddc</subfield>
    <subfield code="c">HN</subfield>
    <subfield code="h">423</subfield>
    <subfield code="m">&#x92C;&#x93E;&#x939;&#x930;&#x940; </subfield>
  </datafield>
  <datafield tag="999" ind1=" " ind2=" ">
    <subfield code="c">121210</subfield>
    <subfield code="d">121210</subfield>
  </datafield>
  <datafield tag="952" ind1=" " ind2=" ">
    <subfield code="0">0</subfield>
    <subfield code="1">0</subfield>
    <subfield code="4">0</subfield>
    <subfield code="7">1</subfield>
    <subfield code="8">REF</subfield>
    <subfield code="a">L</subfield>
    <subfield code="b">L</subfield>
    <subfield code="d">2015-10-03</subfield>
    <subfield code="e">Cen Lib/Ret</subfield>
    <subfield code="g">90.00</subfield>
    <subfield code="l">0</subfield>
    <subfield code="o">423 &#x92C;&#x93E;&#x939;&#x930;&#x940;</subfield>
    <subfield code="p">A-330708</subfield>
    <subfield code="r">2015-10-03 00:00:00</subfield>
    <subfield code="t">1</subfield>
    <subfield code="v">90.00</subfield>
    <subfield code="w">2015-10-03</subfield>
    <subfield code="y">HN</subfield>
  </datafield>
</record>
